000 00997nam a22002537a 4500
005 2013011704544.0
008 130117t xxu||||| |||| 00| 0 eng d
010 _aENG-106604
020 _a9788183822800
_c125.00
035 _aEN-90137
037 _bDBAD/PUB
040 _aDPL
_bENG
100 _aPathak, B. K.
_954844
245 _aBe a better time manager /
_cby B. K. Pathak
260 _aNew Delhi
_bLotus Press
_c2012
270 _a4263/3, Ansari Road, Daryaganj
_bNew Delhi
_e110002
300 _av, 187p.
_c20cm(pbk)
500 _aIncludes bibliographical references
651 _aIndia
_xHistory
_yTo 1206 A.D.
_954845
942 _2ddc
_cEN
_mPAT
999 _c73088
_d73088